Englisches Alphabet - Statistiken

Allgemein
  • Dieses Quiz wurde 360 mal gespielt
  • Das Durchschnittsergebnis liegt bei 26 aus 26
Antworten auf der Karte
Die Antworten werden auf der Karte rot bzw. grün angezeigt, abhängig davon wie oft sie richtig erraten wurden.
 
Antwortstatistiken
Briefe % Korrekt
A
100%
B
100%
C
100%
D
100%
E
100%
G
100%
F
99%
H
99%
I
99%
J
99%
K
99%
L
99%
M
99%
N
99%
O
99%
P
99%
Q
99%
R
99%
S
99%
T
99%
U
99%
V
99%
W
99%
Y
99%
X
98%
Z
98%
Keine übereinstimmenden Quizze gefunden
Verteilung der Resultate
Anzahl Personen mit jedem Resultat
Perzentil nach korrekt beantworteten Fragen
Ihre Resultats-Entwicklung
Sie haben dieses Quiz noch nicht gespielt